000 00825nam a2200229Ia 4500
001 8974
003 GE_BSU
008 181216s||||||||xx |||||||||||||| ||und||
040 _cGE_BSU
080 _a908(479.22-22)+94(=353.1)(470)
100 _aკახაძე,ვახტანგ
245 _aპლასტუნკელები
245 _bქართული სოფელი კრასნოდარის მხარეში
245 _cრედ.გ.პაიჭაძე,მხატვ.შ.ცხადაძე
260 _aთბილისი
260 _bცოდნა
260 _c1963
300 _a106გვ.ილ.22სმ.
653 _aპლასტუნკელები
653 _aქართული სოფლები რუსეთში
942 _cBK
999 _c42279
_d42279